000 00538 a2200181 4500
020 _a8129701766
040 _aDLC
_bDLC
082 0 0 _a512.5
100 1 _aKolman, Bernard,
245 1 0 _aIntroductory linear algebra with applications
250 _a7th ed. /
_bBernard Kolman, David R. Hill.
260 _aUpper Saddle River, N.J. :
_bPrentice Hall,
_cc2001.
300 _axvi, 577, 68, 10 p. :
_bill. ;
_c27 cm.
500 _aIncludes index.
650 0 _aAlgebras, Linear.
700 1 _aHill, David R.
_d1943-
942 _cBK
_k512.5 KOL
_2ddc
999 _c4443
_d4443